World War II General Knowledge - Statistics

General Stats
  • This quiz has been taken 38 times
    21 since last reset
  • The average score is 5 of 15
Answer Stats
Hint Answer % Correct
What year did the US join World War II? 1942
80%
What cities were bombed in Japan by the US? Hiroshima and Nagasaki
75%
What are the last names of the 3 main leaders of the Axis? (alphabetically Hirohito, Hitler & Mussolini
60%
Which country suffered the most in number of deaths? (24 million) USSR
60%
What was the most bloody battle in World War II? Battle of Stalingrad
50%
When did World War II end in Europe? (month and year) May, 1945
45%
What are the last names of the 3 main leaders of the Allies? (alphabetically) Churchill, Roosevelt & Stalin
40%
When did World War II end in Japan? (month and year) September, 1945
40%
What day did Germany invade Poland to start the war? September 1, 1939
30%
What was the total casualty number of the War? (estimated in the tens of millions) 80 million
15%
What was the most famous battle in World War II? Battle of Normandy
10%
How did it end? (what did Japan do?) Japanese surrender
10%
What are the two most famous concentration camps? Auschwitz-Birkenau and Dachau
5%
What two main cities was bombed in Germany by the US? Hamburg and Dresden
5%
How did it end? Hitler suicide
5%
No matching quizzes found
Score Distribution
Percent of People with Each Score
Percentile by Number Answered
Your Score History
You have not taken this quiz since the last reset